Statystyki dla Ludność wszystkich państw Afryki

Kliknij tutaj aby rozwiązać quiz!

Ogólne statystyki

  • Ten quiz został rozwiązany 54 razy
  • Średni wynik to 33 z 54

Statystyki odpowiedzi

LudnośćPaństwa% Poprawnych
203 452 505Nigeria
94%
108 386 391Etiopia
87%
101 780 263Demokratyczna Republika Konga
83%
100 000 408Egipt
83%
56 978 635Republika Południowej Afryki
79%
41 537 000Algieria
77%
47 654 296Kenia
74%
53 950 935Tanzania
74%
43 252 966Uganda
72%
37 345 935Sudan
70%
28 180 000Angola
68%
33 986 655Maroko
68%
28 278 000Ghana
66%
24 277 000Kamerun
64%
827 000Komory
64%
25 613 000Madagaskar
64%
26 573 706Mozambik
64%
19 245 344Niger
64%
538 000Republika Zielonego Przylądka
64%
93 920Seszele
64%
24 960 000Wybrzeże Kości Słoniowej
64%
201 025Wyspy Świętego Tomasza i Książęca
64%
1 020 000Dżibuti
62%
17 238 000Zambia
62%
1 170 308Gwinea Równikowa
60%
1 942 000Lesotho
60%
18 542 000Mali
60%
2 484 780Namibia
60%
14 877 000Zimbabwe
60%
12 185 000Czad
57%
1 467 152Eswatini
57%
1 908 000Gabon
57%
19 169 000Malawi
57%
11 901 484Rwanda
57%
11 403 800Tunezja
57%
2 180 000Botswana
55%
18 935 000Burkina Faso
55%
10 867 000Burundi
55%
12 970 000Gwinea
55%
1 700 000Gwinea Bissau
55%
6 448 000Libia
55%
1 356 388Mauritius
55%
14 668 522Senegal
55%
2 103 000Gambia
53%
5 293 07Kongo
53%
11 031 386Somalia
53%
13 026 129Sudan Południowy
53%
7 965 055Togo
53%
11 125 000Benin
51%
5 933 000Erytrea
51%
4 505 000Liberia
51%
3 758 571Mauretania
51%
4 983 000Republika Środkowoafrykańska
49%
6 163 195Sierra Leone
49%

Rozkład punktacji

Percentyl według liczby udzielonych odpowiedzi

Procent ludzi z każdym wynikiem

Twoja historia wyników

Nie rozwiązałeś tego quizu